Movies Quiz

Random Movies or Director Quiz

Siskel and E b e r t's Top 10 Lists of the 1990s Quiz Stats

 Plays Quiz not verified by Sporcle

Challenge
Share
Tweet
Embed
Score 0/200 Timer 16:00
0 Plays Today
Critic and Year Answer % Correct
Gene's Top 10 of 19901. Goodfellas
97.8%
Roger's Top 10 of 19901. Goodfellas
97.8%
Roger's Top 10 of the Decade3. Goodfellas
97.8%
Gene's Top 10 of 19942. Pulp Fiction
95.6%
Roger's Top 10 of 19943. Pulp Fiction
95.6%
Roger's Top 10 of the Decade2. Pulp Fiction
95.6%
Gene's Top 10 of 19931. Schindler's List
94.3%
Roger's Top 10 of 19931. Schindler's List
94.3%
Roger's Top 10 of the Decade6. Schindler's List
94.3%
Gene's Top 10 of 19907. Dances with Wolves
94%
Roger's Top 10 of 19903. Dances with Wolves
94%
Gene's Top 10 of 19961. Fargo
91.8%
Roger's Top 10 of 19961. Fargo
91.8%
Roger's Top 10 of the Decade4. Fargo
91.8%
Gene's Top 10 of 19946. Forrest Gump
91.2%
Roger's Top 10 of 19944. Forrest Gump
91.2%
Gene's Top 10 of 19917. JFK
90.2%
Roger's Top 10 of 19911. JFK
90.2%
Roger's Top 10 of the Decade10. JFK
90.2%
Gene's Top 10 of 19984. Saving Private Ryan
86.4%
Roger's Top 10 of 19983. Saving Private Ryan
86.4%
Roger's Top 10 of 19979. Titanic
85.8%
Roger's Top 10 of 19929. Unforgiven
83.6%
Gene's Top 10 of 19959. Apollo 13
82%
Roger's Top 10 of 19956. Apollo 13
82%
Roger's Top 10 of 19998. American Beauty
81.7%
Roger's Top 10 of 19975. Jackie Brown
80.8%
Gene's Top 10 of 19982. The Thin Red Line
77.9%
Gene's Top 10 of 19913. Boyz N the Hood
76.7%
Roger's Top 10 of 19912. Boyz N the Hood
76.7%
Roger's Top 10 of 19992. Magnolia
76.3%
Gene's Top 10 of 19943. Ed Wood
75.4%
Gene's Top 10 of 19952. Toy Story
75.4%
Roger's Top 10 of 19973. Boogie Nights
75.1%
Roger's Top 10 of 19989. Life is Beautiful
75.1%
Gene's Top 10 of 19925. Malcolm X
74.4%
Roger's Top 10 of 19921. Malcolm X
74.4%
Roger's Top 10 of the Decade9. Malcolm X
74.4%
Roger's Top 10 of 19955. Casino
74.1%
Gene's Top 10 of 199010. The Godfather Part III
73.5%
Gene's Top 10 of 19933. The Piano
73.2%
Roger's Top 10 of 19933. The Piano
73.2%
Gene's Top 10 of 19964. The English Patient
72.9%
Gene's Top 10 of 19978. Good Will Hunting
72.9%
Gene's Top 10 of 19948. The Shawshank Redemption
71.6%
Roger's Top 10 of 19991. Being John Malkovich
71.6%
Gene's Top 10 of 19972. L.A. Confidential
71.3%
Roger's Top 10 of 19977. L.A. Confidential
71.3%
Gene's Top 10 of 19922. The Player
69.7%
Roger's Top 10 of 19928. The Player
69.7%
Gene's Top 10 of 19945. Quiz Show
69.7%
Roger's Top 10 of 199410. Quiz Show
69.7%
Gene's Top 10 of 19985. Shakespeare in Love
69.7%
Roger's Top 10 of 19988. Shakespeare in Love
69.7%
Gene's Top 10 of 199710. As Good as It Gets
66.2%
Gene's Top 10 of 19924. The Crying Game
65.3%
Roger's Top 10 of 19925. The Crying Game
65.3%
Gene's Top 10 of 19955. Dead Man Walking
65%
Roger's Top 10 of 19953. Dead Man Walking
65%
Gene's Top 10 of 19937. The Age of Innocence
64%
Roger's Top 10 of 19932. The Age of Innocence
64%
Roger's Top 10 of 19942. Three Colors Trilogy: Blue, White, Red
64%
Roger's Top 10 of the Decade5. Three Colors Trilogy: Blue, White, Red
64%
Roger's Top 10 of 19919. Thelma & Louise
62.8%
Gene's Top 10 of 19989. There's Something About Mary
62.5%
Roger's Top 10 of 19993. Three Kings
61.8%
Gene's Top 10 of 19954. Babe
61.2%
Critic and Year Answer % Correct
Gene's Top 10 of 19915. Beauty and the Beast
60.9%
Roger's Top 10 of 19913. Beauty and the Beast
60.9%
Gene's Top 10 of 19953. Nixon
60.9%
Roger's Top 10 of 19954. Nixon
60.9%
Roger's Top 10 of 19967. Hamlet
60.9%
Roger's Top 10 of 199910. The Insider
59.6%
Roger's Top 10 of 19948. Natural Born Killers
59.3%
Gene's Top 10 of 19962. Secrets & Lies
58.4%
Roger's Top 10 of 19963. Secrets & Lies
58.4%
Gene's Top 10 of 19941. Hoop Dreams
58%
Roger's Top 10 of 19941. Hoop Dreams
58%
Roger's Top 10 of the Decade1. Hoop Dreams
58%
Gene's Top 10 of 19923. Howards End
55.2%
Roger's Top 10 of 19923. Howards End
55.2%
Gene's Top 10 of 19986. The Truman Show
54.9%
Gene's Top 10 of 19963. Breaking the Waves
54.6%
Roger's Top 10 of 19962. Breaking the Waves
54.6%
Roger's Top 10 of the Decade7. Breaking the Waves
54.6%
Gene's Top 10 of 19932. Short Cuts
53.9%
Gene's Top 10 of 19956. Leaving Las Vegas
53.9%
Roger's Top 10 of 19951. Leaving Las Vegas
53.9%
Roger's Top 10 of the Decade8. Leaving Las Vegas
53.9%
Roger's Top 10 of 19995. Bringing Out the Dead
50.2%
Gene's Top 10 of 19971. The Ice Storm
49.8%
Roger's Top 10 of 19908. Awakenings
48.9%
Gene's Top 10 of 199610. Bound
48.3%
Roger's Top 10 of 19966. Bound
48.3%
Gene's Top 10 of 19981. Babe: Pig in the City
48.3%
Roger's Top 10 of 19987. Babe: Pig in the City
48.3%
Gene's Top 10 of 19951. Crumb
47.9%
Roger's Top 10 of 19952. Crumb
47.9%
Gene's Top 10 of 19977. The Sweet Hereafter
46.4%
Roger's Top 10 of 19972. The Sweet Hereafter
46.4%
Roger's Top 10 of 19996. Princess Mononoke
46.1%
Roger's Top 10 of 19981. Dark City
45.4%
Gene's Top 10 of 19973. Wag the Dog
45.1%
Roger's Top 10 of 199710. Wag the Dog
45.1%
Gene's Top 10 of 19969. Kingpin
43.8%
Roger's Top 10 of 19994. Boys Don't Cry
43.5%
Gene's Top 10 of 19936. The Fugitive
43.2%
Roger's Top 10 of 19934. The Fugitive
43.2%
Roger's Top 10 of 19985. Happiness
42.9%
Gene's Top 10 of 19968. Welcome to the Dollhouse
40.4%
Roger's Top 10 of 19965. Welcome to the Dollhouse
40.4%
Gene's Top 10 of 19935. Menace II Society
39.7%
Roger's Top 10 of 19938. Menace II Society
39.7%
Gene's Top 10 of 19965. Lone Star
39.4%
Roger's Top 10 of 19964. Lone Star
39.4%
Gene's Top 10 of 19908. Reversal of Fortune
38.8%
Roger's Top 10 of 19905. Reversal of Fortune
38.8%
Gene's Top 10 of 19983. Pleasantville
38.8%
Roger's Top 10 of 19982. Pleasantville
38.8%
Gene's Top 10 of 19974. In the Company of Men
37.2%
Roger's Top 10 of 19978. In the Company of Men
37.2%
Gene's Top 10 of 19916. Grand Canyon
36.9%
Roger's Top 10 of 19914. Grand Canyon
36.9%
Roger's Top 10 of 19984. A Simple Plan
36.3%
Roger's Top 10 of 19986. Elizabeth
36.3%
Gene's Top 10 of 19928. Wayne's World
36%
Roger's Top 10 of 199610. Big Night
34.4%
Roger's Top 10 of 19999. Topsy-Turvy
34.1%
Gene's Top 10 of 19957. The American President
33.8%
Roger's Top 10 of 19904. The Grifters
33.4%
Roger's Top 10 of 199210. Bad Lieutenant
33.1%
Roger's Top 10 of 19968. Everyone Says I Love You
32.5%
Gene's Top 10 of 19976. The Full Monty
31.5%
Gene's Top 10 of 19939. King of the Hill
30.6%
Critic and Year Answer % Correct
Roger's Top 10 of 19971. Eve's Bayou
30.6%
Gene's Top 10 of 19903. Avalon
29.7%
Gene's Top 10 of 19958. Exotica
29.3%
Roger's Top 10 of 19957. Exotica
29.3%
Gene's Top 10 of 19906. Die Hard II: Die Harder
29%
Roger's Top 10 of 199810. Primary Colors
28.4%
Gene's Top 10 of 19921. One False Move
26.8%
Roger's Top 10 of 19922. One False Move
26.8%
Gene's Top 10 of 19966. Looking for Richard
26.5%
Roger's Top 10 of 19909. The Cook, the Thief, His Wife, and Her Lover
24.9%
Gene's Top 10 of 19934. Farewell My Concubine
22.7%
Gene's Top 10 of 19938. The Joy Luck Club
22.1%
Roger's Top 10 of 19935. The Joy Luck Club
22.1%
Roger's Top 10 of 19945. The Last Seduction
22.1%
Gene's Top 10 of 19979. Mrs Brown
22.1%
Roger's Top 10 of 19997. The War Zone
21.8%
Gene's Top 10 of 199210. Under Siege
21.5%
Roger's Top 10 of 19946. Fresh
21.1%
Gene's Top 10 of 199410. Little Women
20.5%
Gene's Top 10 of 19911. Hearts of Darkness
18.9%
Gene's Top 10 of 19949. Red Rock West
18.6%
Gene's Top 10 of 19912. An Angel at My Table
18%
Gene's Top 10 of 19909. The Freshman
17.4%
Roger's Top 10 of 19917. Life is Sweet
17.4%
Gene's Top 10 of 19927. Damage
17%
Roger's Top 10 of 19926. Damage
17%
Roger's Top 10 of 19976. Fast, Cheap & Out of Control
17%
Roger's Top 10 of 19906. Santa Sangre
16.7%
Gene's Top 10 of 19987. Antz
16.7%
Gene's Top 10 of 19929. Mississippi Masala
16.4%
Roger's Top 10 of 19937. Like Water for Chocolate
15.1%
Roger's Top 10 of 199110. The Rapture
13.2%
Gene's Top 10 of 19902. After Dark, My Sweet
12.9%
Roger's Top 10 of 19959. Carrington
12.9%
Gene's Top 10 of 19967. Paradise Lost: The Child Murders at Robin Hood Hills
12.9%
Roger's Top 10 of 19918. The Man in the Moon
12.3%
Gene's Top 10 of 19926. The Hairdresser's Husband
12.3%
Roger's Top 10 of 19927. The Hairdresser's Husband
12.3%
Roger's Top 10 of 19936. Kalifornia
12.3%
Gene's Top 10 of 19918. Ju Dou
12%
Roger's Top 10 of 19939. What's Love Got to Do with It
11.7%
Roger's Top 10 of 199510. A Walk in the Clouds
11%
Gene's Top 10 of 19988. Simon Birch
11%
Gene's Top 10 of 199810. Waking Ned Devine
11%
Roger's Top 10 of 19924. Flirting
10.7%
Gene's Top 10 of 19947. Vanya on 42nd Street
10.7%
Gene's Top 10 of 19975. The End of Violence
10.7%
Roger's Top 10 of 19958. My Family
9.8%
Roger's Top 10 of 19902. Monsieur Hire
9.1%
Roger's Top 10 of 199010. Mountains of the Moon
9.1%
Roger's Top 10 of 19974. Maborosi
8.8%
Roger's Top 10 of 19907. Last Exit to Brooklyn
8.2%
Gene's Top 10 of 199510. Les Misérables
8.2%
Roger's Top 10 of 19947. The Blue Kite
7.9%
Gene's Top 10 of 19905. Too Beautiful For You
7.6%
Gene's Top 10 of 199110. Once Around
7.6%
Roger's Top 10 of 199310. Ruby in Paradise
7.6%
Gene's Top 10 of 19904. The Plot Against Harry
7.3%
Roger's Top 10 of 19916. A Woman's Tale
6.9%
Roger's Top 10 of 19915. My Father's Glory (and) My Mother's Castle
6.6%
Gene's Top 10 of 19944. 32 Short Films About Glenn Gould
6.6%
Gene's Top 10 of 19919. Daddy Nostalgia
6%
Gene's Top 10 of 19914. Le Belle Noiseuse
5.7%
Roger's Top 10 of 19969. Heidi Fless: Hollywood Madam
4.7%
Gene's Top 10 of 199310. Map of the Human Heart
3.5%
Roger's Top 10 of 19949. The New Age
3.2%

You're not logged in!

Compare scores with friends on all Sporcle quizzes.
OR
Log In

You Might Also Like...

Show Comments

Extras

Top Quizzes Today


Score Distribution

Your Account Isn't Verified!

In order to create a playlist on Sporcle, you need to verify the email address you used during registration. Go to your Sporcle Settings to finish the process.

Report this User

Report this user for behavior that violates our Community Guidelines.

Details: